000 00364 a2200169 4500
001 72431
020 _a8508055579
040 _cAnchieta - Colégio São Paulo
100 _aLeite, Marcia
240 1 0 _aAqui entre nós
_lpor
245 1 0 _aAqui entre nós
300 _a107
362 0 _a1998
440 1 _aÁtica
650 4 _aLiteratura juvenil
942 _cBK
999 _c72431
_d72431